Welcome to CU Library Online Public Access Catalogue (OPAC)

Krio fo̳s oli Baybul. (Record no. 2955)

MARC details
000 -LEADER
fixed length control field 00586cam a2200205 i 4500
001 - CONTROL NUMBER
control field 19477100
005 - DATE AND TIME OF LATEST TRANSACTION
control field 20250123170837.0
008 - FIXED-LENGTH DATA ELEMENTS--GENERAL INFORMATION
fixed length control field 170202s2013 sl ab 000 0 cpe
020 ## - INTERNATIONAL STANDARD BOOK NUMBER
International Standard Book Number 9789966290069 (CL062P)
020 ## - INTERNATIONAL STANDARD BOOK NUMBER
International Standard Book Number 9966290060 (CL062P)
020 ## - INTERNATIONAL STANDARD BOOK NUMBER
International Standard Book Number 9789966277251 (CL063P)
020 ## - INTERNATIONAL STANDARD BOOK NUMBER
International Standard Book Number 9966277250 (CL063P)
020 ## - INTERNATIONAL STANDARD BOOK NUMBER
International Standard Book Number 9789966290076 (CL067P)
020 ## - INTERNATIONAL STANDARD BOOK NUMBER
International Standard Book Number 9966290079 (CL067P)
050 00 - LIBRARY OF CONGRESS CALL NUMBER
Classification number BS325
Item number .K75 2013
245 10 - TITLE STATEMENT
Title Krio fo̳s oli Baybul.
300 ## - PHYSICAL DESCRIPTION
Extent vi, 1104, 378 pages :
Other physical details illustrations, maps ;
Dimensions 22 cm
650 #0 - SUBJECT ADDED ENTRY--TOPICAL TERM
Topical term or geographic name entry element Krio language
Form subdivision Texts.
942 ## - ADDED ENTRY ELEMENTS (KOHA)
Source of classification or shelving scheme Library of Congress Classification
Koha item type Books
Suppress in OPAC No
999 ## -
-- 2955
-- 2955
Holdings
Withdrawn status Lost status Source of classification or shelving scheme Damaged status Not for loan Collection Home library Current library Shelving location Date acquired Total checkouts Full call number Barcode Date last seen Copy number Price effective from Koha item type
    Library of Congress Classification     Non-fiction Graduate Library (Christ Temple) Graduate Library (Christ Temple) General stacks 01/23/2025   BS1325 BIB GSCT00000326 01/23/2025 1 01/23/2025 Books
    Library of Congress Classification     Non-fiction Undergraduate Library (Christ Temple) Undergraduate Library (Christ Temple) General stacks 06/28/2025   BS1325 BIB ulct00003614 06/28/2025 1 06/07/2025 Books
© 2023-2024 Copyright: Central University Libraries. All Rights Reserved | Created by: Mahone Tech Office